000 00569nam a22001817a 4500
003 OSt
005 20260303001600.0
008 260202b |||||||| |||| 00| 0 eng d
020 _a9789712-24831
040 _aDWCL-Main Lib
_cOC
082 _aGR. 423.9921 P557 2010
110 _aTHE MACQUIRIE LIBRARY
_eCorporate Author
245 _aPhilippine english dictionary /
260 _aPasig City :
_bAnvil Publishing,
_c c2010.
300 _avii , 246 pages ;
_c18 cm.
650 _aFilipino -- English language -- Dictionary.
942 _2ddc
_cGR
_mGR.
_n0
_eRevised edition.
999 _c8129
_d8129